Boomerang : Clinton's health security effort and the turn against government in U.S. politics

The defeat by the Republicans of President Clinton's sweeping health care initiative was a critical turning point in modern American politics. A disaster for the Democrats, it led to the Republican conquest of Congress in 1994. Theda Skocpol rejects the prevailing view, which lays most of the b...

Full description

Saved in:
Bibliographic Details
Main Author: Skocpol, Theda
Format: Book
Language:Undetermined
Published: New York W.W. Norton & Co. 1996
Subjects:
Tags: Add Tag
No Tags, Be the first to tag this record!
Institutions: Trung tâm Học liệu Trường Đại học Cần Thơ
LEADER 01395nam a2200241Ia 4500
001 CTU_158339
008 210402s9999 xx 000 0 und d
020 |c 27.5 
082 |a 362.10973 
082 |b S628 
100 |a Skocpol, Theda 
245 0 |a Boomerang : 
245 0 |b Clinton's health security effort and the turn against government in U.S. politics 
245 0 |c Theda Skocpol 
260 |a New York 
260 |b W.W. Norton & Co. 
260 |c 1996 
520 |a The defeat by the Republicans of President Clinton's sweeping health care initiative was a critical turning point in modern American politics. A disaster for the Democrats, it led to the Republican conquest of Congress in 1994. Theda Skocpol rejects the prevailing view, which lays most of the blame at the feet of Hillary Rodham Clinton, offering the real culprit as something called "Reagan's revenge." She believes that the tax cuts of the Reagan years gutted a host of once-effective federal programs, generating widespread public mistrust of government. An incisive look at Clinton's defeat on health care, Boomerang also provides a fresh, and at times frightening, perspective on the legacy of the Reagan years. 
650 |a Health care reform,Social security 
650 |x History 
650 |z United States,United States 
904 |i Giang 
980 |a Trung tâm Học liệu Trường Đại học Cần Thơ